Loading...
| History - European History | 0 | 4 | 0 | 2 | 40 | 66 | 101.75 | 1 | 4 |
| History - World History | 1 | 2 | 0 | 0 | 35 | 63 | 84.00 | 3 | 3 |
| Science - Physics | 0 | 2 | 0 | 0 | 20 | 123 | 129.50 | 0 | 2 |
| Science - Biology | 1 | 0 | 0 | 0 | 15 | 63 | 63.00 | 1 | 1 |
| Social Science | 0 | 1 | 0 | 0 | 10 | 91 | 91.00 | 0 | 1 |
| History - Ancient History | 0 | 1 | 0 | 0 | 10 | 112 | 112.00 | 1 | 1 |
| Literature - World Literature | 0 | 1 | 0 | 1 | 10 | 146 | 146.00 | 0 | 1 |
| Other Academic | 0 | 1 | 0 | 0 | 10 | 116 | 116.00 | 0 | 1 |
| Philosophy | 0 | 1 | 0 | 0 | 10 | 122 | 122.00 | 0 | 1 |
| Auditory Arts | 0 | 1 | 0 | 1 | 10 | 126 | 126.00 | 0 | 1 |
| History - Other History | 0 | 1 | 0 | 0 | 10 | 79 | 79.00 | 0 | 0 |
| History - American History | 0 | 1 | 1 | 1 | 5 | 107 | 107.00 | 0 | 1 |
| Beliefs | 0 | 1 | 1 | 1 | 5 | 139 | 139.00 | 0 | 1 |
| Current Events | 0 | 1 | 2 | 0 | 0 | 103 | 103.00 | 0 | 1 |
| Geography | 0 | 0 | 1 | 0 | -5 | 0.00 | 0 | 0 |